|
|
|
|
| LEADER |
00963naa a2200217 i 4500 |
| 001 |
acta72178 |
| 005 |
20230303155931.0 |
| 008 |
210302s2020 hu o 1|| rus d |
| 020 |
|
|
|a 978-963-306-756-7
|
| 040 |
|
|
|a SZTE Egyetemi Kiadványok Repozitórium
|b hun
|
| 041 |
|
|
|a rus
|
| 100 |
1 |
|
|a Varga Éva Katalin
|
| 245 |
1 |
0 |
|a Razvitie navykov obŝeniâ na zanâtiâh po medicinskomu russkomu s nulâ
|h [elektronikus dokumentum] /
|c Varga Éva Katalin
|
| 260 |
|
|
|c 2020
|
| 300 |
|
|
|a 65
|
| 490 |
0 |
|
|a Kommunikáció- és beszédfejlesztés a gyakorlatban
|
| 650 |
|
4 |
|a Társadalomtudományok
|
| 650 |
|
4 |
|a Oktatástudomány
|
| 695 |
|
|
|a Képességfejlesztés - előadáskivonat, Idegen nyelv tanítása - előadáskivonat, Kommunikáció - előadáskivonat
|
| 711 |
|
|
|a Kommunikáció- és beszédfejlesztés a gyakorlatban
|c Szeged
|d 2020
|
| 856 |
4 |
0 |
|u http://acta.bibl.u-szeged.hu/72178/1/kommunikacio_es_beszedfejlesztes_konferenciaprogram_2020_065.pdf
|z Dokumentum-elérés
|